000 00607nam a22002057a 4500
005 20251108164830.0
008 250721s2001 xx 000 0 ara d
082 1 4 _a371.3/حيل
100 1 _aالحيلة، محمد محمود
245 1 0 _aطرائق التدريس و إستراتيجياته /
264 1 _aالعين :
_bدار الكتاب الجامعي،
_c2001.
300 _a511ص
650 1 7 _aالتدريس
650 1 7 _aالتربية
650 1 7 _aالمناهج
650 1 7 _aأساليب التدريس
650 1 7 _aتخطيط الدرس
942 _2ddc
_cBK
999 _c15442
_d15442